<?xml version="1.0" encoding="UTF-8"?>
<marc:record xmlns:marc="http://www.loc.gov/MARC21/slim">
   <marc:leader>00000nam a2200000 a 4500</marc:leader>
   <marc:datafield ind1="1" ind2=" " tag="100">
      <marc:subfield code="a">Woolf, Virginia</marc:subfield>
      <marc:subfield code="4">aut</marc:subfield>
      <marc:subfield code="e">Verfasser/-in</marc:subfield>
   </marc:datafield>
   <marc:datafield ind1="0" ind2="0" tag="245">
      <marc:subfield code="a">Orlando.</marc:subfield>
   </marc:datafield>
   <marc:datafield ind1="0" ind2="0" tag="245">
      <marc:subfield code="b">eine Biografie ; Roman</marc:subfield>
   </marc:datafield>
   <marc:datafield ind1="0" ind2="0" tag="245">
      <marc:subfield code="c">Virginia Woolf. Aus dem Engl. neu übersetzt von Marion Herbert</marc:subfield>
   </marc:datafield>
   <marc:datafield ind1=" " ind2="1" tag="264">
      <marc:subfield code="a">Köln</marc:subfield>
      <marc:subfield code="b">Anaconda-Verl.</marc:subfield>
      <marc:subfield code="c">2014</marc:subfield>
   </marc:datafield>
   <marc:datafield ind1="1" ind2=" " tag="520">
      <marc:subfield code="a">Ewige Jugend und Schönheit gibt es nur im Roman und wohl in keinem so viel wie in diesem: Über drei Jahrhunderte lebt Orlando in diversen Rollen und an den verschiedensten Orten. Der junge Adlige am Hof Königin Elisabeths I. wird Diplomat in Konstantinopel. Dann wandelt sich Orlando zur Frau, die mit einer Zigeunertruppe nach England zurückkehrt und schließlich im 20. Jahrhundert als Schriftstellerin berühmt wird. Eine verrückte Idee? ein faszinierendes Buch!</marc:subfield>
   </marc:datafield>
   <marc:datafield ind1=" " ind2=" " tag="020">
      <marc:subfield code="a">9783730601631</marc:subfield>
      <marc:subfield code="9">9783730601631</marc:subfield>
   </marc:datafield>
   <marc:datafield ind1=" " ind2=" " tag="020">
      <marc:subfield code="a">3730601636</marc:subfield>
      <marc:subfield code="9">3730601636</marc:subfield>
   </marc:datafield>
   <marc:datafield ind1=" " ind2=" " tag="300">
      <marc:subfield code="a">282 S.</marc:subfield>
   </marc:datafield>
</marc:record>
